00598nam a2200229 u 450000100100000000500170001000800410002702000180006804100090008604300120009508200070010710000270011424500470014125000120018826000320020030000210023265000250025365000280027865000240030665000230033020200150035300006150320200120224046.0140704s2011 ck gr| 000 0 spa d a97895842274920 aLspa ac-k----042211 aIllán Bacca, Ramón13aLa mujer barbuda /cRamón Illán Bacca. a1a. ed. aBogotá :bPlaneta,c2011. a177 p. ;e23 cm.17aNovela chilena2LEMB27aLietratua chilena2LEMB27aHumorxNovela2LEMB27aVidaxNovela2LEMB a9584227491